[Event "COL-ch U16"]
[Site "Medellin"]
[Date "2025.04.27"]
[Round "6"]
[White "Madrigal Montagutt, Anthony Steve"]
[Black "Sepulveda Brango, Alberto Enrique"]
[Result "0-1"]
[WhiteElo "1951"]
[BlackElo "1857"]
[PlyCount "66"]
[EventDate "2025.04.24"]
[EventType "swiss"]
[EventRounds "7"]
[EventCountry "COL"]
[SourceTitle "CB18_2025"]
[SourceDate "2025.04.30"]
[SourceVersion "1"]
[SourceVersionDate "2025.04.30"]
[SourceQuality "1"]

1. e4 c5 2. Nf3 Nc6 3. Bb5 g6 4. 0-0 Bg7 5. c3 e5 6. Re1 Nge7 7. d3 0-0 8. Be3 d6 9. Na3 f5 10. Bc4+ Kh8 11. Ng5 f4 12. Bd2 d5 13. exd5 Nxd5 14. Ne4 b6 15. Nb5 Nf6 16. Ng5 Ng4 17. Nf3 a6 18. Na3 b5 19. Bb3 Qxd3 20. Bc2 Qd6 21. Qe2 Bf5 22. Bxf5 gxf5 23. Rad1 Qc7 24. h3 Nh6 25. Ng5 Rf6 26. Bc1 Rg6 27. Qh5 Bf6 28. Nf3 Qf7 29. Kh1 Rag8 30. Rd6 Qb7 31. Red1 Nb8 32. Nc2 Rxg2 33. Rxf6 R2g5 0-1

[Event "COL-ch U16"]
[Site "Medellin"]
[Date "2025.04.25"]
[Round "3"]
[White "Sepulveda Brango, Alberto Enrique"]
[Black "Galvez Lopez, Juan Martin"]
[Result "1-0"]
[WhiteElo "1857"]
[BlackElo "1675"]
[PlyCount "85"]
[EventDate "2025.04.24"]
[EventType "swiss"]
[EventRounds "7"]
[EventCountry "COL"]
[SourceTitle "CB18_2025"]
[SourceDate "2025.04.30"]
[SourceVersion "1"]
[SourceVersionDate "2025.04.30"]
[SourceQuality "1"]

1. e4 c5 2. c3 Nf6 3. e5 Nd5 4. Nf3 e6 5. d4 Nc6 6. c4 Nb6 7. d5 Ne7 8. Nc3 exd5 9. cxd5 a6 10. d6 Ng6 11. Be3 f6 12. Bxc5 fxe5 13. Qb3 Na4 14. Qxa4 b6 15. Ba3 Bb7 16. Bd3 Nf4 17. Be4 b5 18. Qc2 Qb6 19. Bxb7 Qxb7 20. Qe4 Qxe4+ 21. Nxe4 b4 22. g3 Nd5 23. Rd1 bxa3 24. Rxd5 axb2 25. Ke2 Kf7 26. Rd2 Rb8 27. Rb1 Ke6 28. Rbxb2 Rxb2 29. Rxb2 Kd5 30. Ke3 g6 31. Rc2 Bh6+ 32. Nfg5 Bxg5+ 33. Nxg5 h6 34. Rd2+ Kc5 35. Nf3 Re8 36. Ke4 a5 37. Nxe5 Re6 38. f4 h5 39. Rd5+ Kb6 40. Kd3 Kb7 41. Kc4 Kb6 42. Nxd7+ Kc6 43. Ne5+ 1-0

[Event "Medellin Sub zt 2.3.2"]
[Site "Medellin"]
[Date "2025.04.18"]
[Round "8"]
[White "Sepulveda Brango, Alberto Enrique"]
[Black "Dominguez Rincon, Miller Duvan"]
[Result "0-1"]
[WhiteElo "1857"]
[BlackElo "2010"]
[PlyCount "102"]
[EventDate "2025.04.14"]
[EventType "swiss"]
[EventRounds "9"]
[EventCountry "COL"]
[SourceTitle "CB18_2025"]
[SourceDate "2025.04.30"]
[SourceVersion "1"]
[SourceVersionDate "2025.04.30"]
[SourceQuality "1"]

1. e4 e5 2. Nf3 Nc6 3. d4 exd4 4. Nxd4 Bc5 5. Nb3 Bb6 6. Qe2 d6 7. Nc3 Be6 8. Be3 Qe7 9. 0-0-0 Nf6 10. f3 0-0-0 11. Bd4 Nxd4 12. Nxd4 Rhe8 13. Qd2 a6 14. g4 Bd7 15. Bc4 Be6 16. Bxe6+ fxe6 17. Qe2 Nd7 18. Kb1 Qf6 19. Nb3 Rf8 20. Rhf1 g5 21. Nd2 Bd4 22. Na4 Rf7 23. Qd3 Ba7 24. Nc4 Ne5 25. Nxe5 Qxe5 26. Qe2 Rdf8 27. Rd3 Rf6 28. h3 Rh6 29. Qg2 Rh4 30. b3 h5 31. Nb2 Qf4 32. gxh5 g4 33. Rdd1 gxf3 34. Qg6 Qxe4 35. Qh6 Qf5 36. Nc4 Rxh5 37. Qg7 d5 38. Rd3 Rg5 39. Qe7 Qf6 40. Qb4 dxc4 41. Rdxf3 Rf5 42. Rxf5 exf5 43. Qxc4 f4 44. Rf3 Be3 45. a4 Rd8 46. Rf1 Kb8 47. Qe4 Qc3 48. Qf3 Rd2 49. Qe4 Bd4 50. Kc1 Rh2 51. Qd3 Qa1# 0-1

[Event "Barranquilla op"]
[Site "Barranquilla"]
[Date "2025.02.26"]
[Round "4"]
[White "Florez Perez, Owen Andrew"]
[Black "Sepulveda Brango, Alberto Enrique"]
[Result "0-1"]
[WhiteElo "1689"]
[BlackElo "1862"]
[PlyCount "60"]
[EventDate "2025.02.24"]
[EventType "swiss"]
[EventRounds "8"]
[EventCountry "COL"]
[SourceTitle "CB10_2025"]
[SourceDate "2025.03.05"]
[SourceVersion "1"]
[SourceVersionDate "2025.03.05"]
[SourceQuality "1"]

1. c4 c6 2. d4 d5 3. cxd5 cxd5 4. Bg5 h6 5. Bf4 Nc6 6. e3 e6 7. Bd3 Bd6 8. Bxd6 Qxd6 9. Nf3 Nf6 10. Nc3 a6 11. 0-0 0-0 12. Rc1 Rd8 13. Qd2 b5 14. Rfd1 Bb7 15. Ne2 Ne4 16. Qe1 Rac8 17. Nf4 Qe7 18. Bb1 b4 19. Nd3 a5 20. Nc5 Nxc5 21. Rxc5 e5 22. Bf5 Ra8 23. Rdc1 Qf6 24. Bb1 exd4 25. exd4 Nxd4 26. Nxd4 Qxd4 27. Qe7 Re8 28. Qc7 Re2 29. Qc8+ Bxc8 30. Rxc8+ Re8 0-1

[Event "American Continental Blitz 18th"]
[Site "Medellin"]
[Date "2024.05.29"]
[Round "8"]
[White "Agudelo Zapata, Yarli Alejandra"]
[Black "Sepulveda Brango, Alberto Enrique"]
[Result "0-1"]
[WhiteElo "1817"]
[BlackElo "1683"]
[PlyCount "67"]
[EventDate "2024.05.29"]
[EventType "swiss (blitz)"]
[EventRounds "9"]
[EventCountry "COL"]
[SourceTitle "CBM 220 Extra"]
[Source "ChessBase"]
[SourceDate "2024.07.31"]
[SourceVersion "1"]
[SourceVersionDate "2024.07.31"]
[SourceQuality "1"]

1. d4 d5 2. Nf3 Nf6 3. g3 c6 4. Bg2 Bf5 5. 0-0 e6 6. c4 Bd6 7. Nc3 0-0 8. Nd2 Bc7 9. e4 dxe4 10. Ndxe4 Nxe4 11. Nxe4 Nd7 12. Be3 Nf6 13. Bg5 Bxe4 14. Bxe4 h6 15. Be3 Nxe4 16. Qf3 Nf6 17. Rfd1 Qe7 18. Rac1 Rfd8 19. Re1 Bb6 20. c5 Bc7 21. Qg2 Nd5 22. Bd2 Qf6 23. Re4 Rd7 24. Rd1 Rad8 25. Bc1 Qg6 26. Ree1 Ne7 27. Be3 Nf5 28. Qf3 Nxe3 29. fxe3 Qf5 30. Qe2 e5 31. Rf1 Qe6 32. Qf2 exd4 33. exd4 Be5 34. Qe1 0-1

[Event "American Continental 18th"]
[Site "Medellin"]
[Date "2024.05.29"]
[Round "8"]
[White "Garces Trujillo, Luis Javier"]
[Black "Sepulveda Brango, Alberto Enrique"]
[Result "1-0"]
[WhiteElo "1846"]
[BlackElo "1683"]
[PlyCount "89"]
[EventDate "2024.05.24"]
[EventType "swiss"]
[EventRounds "11"]
[EventCountry "COL"]
[SourceTitle "CBM 220 Extra"]
[Source "ChessBase"]
[SourceDate "2024.07.31"]
[SourceVersion "1"]
[SourceVersionDate "2024.07.31"]
[SourceQuality "1"]

1. d4 d5 2. c4 c6 3. Nc3 Nf6 4. e3 e6 5. Nf3 Nbd7 6. Qc2 a6 7. Bd2 b5 8. b3 Bd6 9. Bd3 e5 10. dxe5 Nxe5 11. Nxe5 Bxe5 12. Rd1 0-0 13. f4 Bxc3 14. Bxc3 Qe7 15. 0-0 Ng4 16. Rde1 Re8 17. cxd5 cxd5 18. Bd4 h5 19. e4 Bb7 20. e5 Qb4 21. Bc5 Qa5 22. b4 Qd8 23. h3 Nh6 24. f5 f6 25. e6 Rc8 26. Qe2 Rxc5 27. bxc5 Qc7 28. Qc2 Rc8 29. Be2 d4 30. Bxh5 Qg3 31. e7 Kh8 32. e8Q+ Rxe8 33. Rxe8+ Ng8 34. Rxg8+ Kxg8 35. Qb3+ Qxb3 36. axb3 d3 37. Rd1 Be4 38. Bf3 Bxf5 39. c6 Kf7 40. c7 Bc8 41. Rxd3 a5 42. Rd8 Ba6 43. Ra8 Ke7 44. Rxa6 Kd7 45. Rc6 1-0

[Event "American Continental Blitz 18th"]
[Site "Medellin"]
[Date "2024.05.29"]
[Round "6"]
[White "Gomez, Alfredo"]
[Black "Sepulveda Brango, Alberto Enrique"]
[Result "1/2-1/2"]
[WhiteElo "1851"]
[BlackElo "1683"]
[PlyCount "52"]
[EventDate "2024.05.29"]
[EventType "swiss (blitz)"]
[EventRounds "9"]
[EventCountry "COL"]
[SourceTitle "CBM 220 Extra"]
[Source "ChessBase"]
[SourceDate "2024.07.31"]
[SourceVersion "1"]
[SourceVersionDate "2024.07.31"]
[SourceQuality "1"]

1. e4 c5 2. Nf3 d6 3. d4 cxd4 4. Nxd4 Nf6 5. Nc3 g6 6. Bg5 Bg7 7. Bb5+ Bd7 8. Qe2 a6 9. Bc4 0-0 10. 0-0-0 Qa5 11. f4 b5 12. Nb3 Qd8 13. Bxf6 Bxf6 14. Bd5 Bc6 15. e5 Bg7 16. Bxc6 Nxc6 17. Qf3 Rc8 18. exd6 exd6 19. Ne4 d5 20. Rxd5 Qb6 21. Nec5 Nb4 22. Nd7 Rxc2+ 23. Kb1 Rxb2+ 24. Kc1 Qc6+ 25. Rc5 Qxd7 26. Rc3 Bxc3 1/2-1/2

[Event "American Continental Blitz 18th"]
[Site "Medellin"]
[Date "2024.05.29"]
[Round "4"]
[White "Salazar Grisales, Juan Jose"]
[Black "Sepulveda Brango, Alberto Enrique"]
[Result "1-0"]
[WhiteElo "1921"]
[BlackElo "1683"]
[PlyCount "133"]
[EventDate "2024.05.29"]
[EventType "swiss (blitz)"]
[EventRounds "9"]
[EventCountry "COL"]
[SourceTitle "CBM 220 Extra"]
[Source "ChessBase"]
[SourceDate "2024.07.31"]
[SourceVersion "1"]
[SourceVersionDate "2024.07.31"]
[SourceQuality "1"]

1. d4 d5 2. Nf3 Nf6 3. c4 c6 4. g3 dxc4 5. a4 Bf5 6. Bg2 e6 7. 0-0 Bd6 8. Nbd2 Nbd7 9. Nxc4 Bc7 10. a5 Rb8 11. a6 b6 12. Nfe5 Nxe5 13. Nxe5 Bxe5 14. Bxc6+ Nd7 15. dxe5 Qc7 16. Qa4 Rc8 17. Bb7 Rd8 18. Bf4 0-0 19. Rac1 Nc5 20. b4 Nxa4 21. Rxc7 Rd4 22. Bg5 h6 23. Be7 Re8 24. Bc6 Rxe7 25. Rxe7 Rxb4 26. Rxa7 Nc5 27. Ra1 Nb3 28. Rd1 Nd4 29. Bb7 Bh3 30. Ra8+ Kh7 31. Be4+ g6 32. Bd3 Ra4 33. f3 b5 34. Rb1 b4 35. a7 b3 36. Kf2 Nc6 37. Rxb3 Rxa7 38. Rxa7 Nxa7 39. Rb7 Nc6 40. Rxf7+ Kg8 41. Rf6 Nxe5 42. g4 Kg7 43. Rxe6 Nxd3+ 44. exd3 h5 45. Kg3 hxg4 46. Re1 gxf3 47. Kxh3 f2 48. Rf1 Kf6 49. Kg4 Ke5 50. Rxf2 Kd4 51. Rf6 Kxd3 52. Rxg6 Ke4 53. h4 Ke5 54. h5 Kd5 55. h6 Ke5 56. h7 Ke4 57. h8Q Kd5 58. Qd8+ Ke5 59. Rg5+ Ke6 60. Qd5+ Ke7 61. Rg7+ Kf6 62. Qg5+ Ke6 63. Re7+ Kd6 64. Qe5+ Kc6 65. Rc7+ Kb6 66. Qc5+ Ka6 67. Ra7# 1-0

[Event "American Continental 18th"]
[Site "Medellin"]
[Date "2024.05.27"]
[Round "5"]
[White "Sepulveda Brango, Alberto Enrique"]
[Black "Gonzalez Zapata, Julian David"]
[Result "1/2-1/2"]
[WhiteElo "1683"]
[BlackElo "1899"]
[PlyCount "122"]
[EventDate "2024.05.24"]
[EventType "swiss"]
[EventRounds "11"]
[EventCountry "COL"]
[SourceTitle "CBM 220 Extra"]
[Source "ChessBase"]
[SourceDate "2024.07.31"]
[SourceVersion "1"]
[SourceVersionDate "2024.07.31"]
[SourceQuality "1"]

1. e4 c6 2. Nf3 d5 3. exd5 cxd5 4. Ne5 Qc7 5. d4 Nc6 6. Bb5 a6 7. Bxc6+ bxc6 8. c3 e6 9. Bf4 Bd6 10. 0-0 Nf6 11. Nd2 0-0 12. c4 c5 13. Ndf3 dxc4 14. dxc5 Qxc5 15. Rc1 Nd5 16. Nd3 Qb6 17. Bxd6 Qxd6 18. Rxc4 Bb7 19. Nf4 Qb6 20. Qd4 Qxd4 21. Rxd4 Rac8 22. Nxd5 Bxd5 23. b3 f6 24. Ra4 Bc6 25. Rb4 e5 26. Nd2 Bb5 27. Nc4 Rfd8 28. a4 Bxc4 29. bxc4 Rd4 30. Rb6 a5 31. Rb5 Rcxc4 32. Rxa5 Rxa4 33. Rxa4 Rxa4 34. Rb1 Kf7 35. g3 g5 36. Kg2 h5 37. h3 Ke6 38. Rb2 Kf5 39. f3 h4 40. g4+ Kf4 41. Re2 f5 42. gxf5 Kxf5 43. Kf2 Kf4 44. Kg2 Kf5 45. Kf2 Rb4 46. Kg2 Ke6 47. Kf2 Kd5 48. Rd2+ Rd4 49. Ke3 Rxd2 50. Kxd2 Kd4 51. Ke2 e4 52. Kf2 Kd3 53. fxe4 Kxe4 54. Ke2 Kf4 55. Kf2 g4 56. hxg4 Kxg4 57. Kg2 h3+ 58. Kh2 Kh4 59. Kh1 Kg3 60. Kg1 h2+ 61. Kh1 Kh3 1/2-1/2

[Event "American Continental 18th"]
[Site "Medellin"]
[Date "2024.05.24"]
[Round "1"]
[White "Sepulveda Brango, Alberto Enrique"]
[Black "Saltos Velez, Adrian Arturo"]
[Result "0-1"]
[WhiteElo "1683"]
[BlackElo "2035"]
[PlyCount "100"]
[EventDate "2024.05.24"]
[EventType "swiss"]
[EventRounds "11"]
[EventCountry "COL"]
[SourceTitle "CBM 220 Extra"]
[Source "ChessBase"]
[SourceDate "2024.07.31"]
[SourceVersion "1"]
[SourceVersionDate "2024.07.31"]
[SourceQuality "1"]

1. e4 Nf6 2. Nc3 d5 3. e5 d4 4. exf6 dxc3 5. fxg7 cxd2+ 6. Qxd2 Qxd2+ 7. Bxd2 Bxg7 8. 0-0-0 Be6 9. Kb1 Nc6 10. Bb5 Bd5 11. Ne2 a6 12. Ba4 0-0-0 13. Nf4 e6 14. Nxd5 Rxd5 15. Bb3 Rd7 16. Bg5 Nd4 17. c3 Nxb3 18. axb3 Rg8 19. Rxd7 Kxd7 20. h4 Bf8 21. Rd1+ Bd6 22. g3 e5 23. Rd3 Ke6 24. Rf3 Rg6 25. Bd2 f5 26. b4 c5 27. Kc2 Rg4 28. bxc5 Bxc5 29. Be3 e4 30. Rf4 Rxf4 31. Bxf4 Bxf2 32. Kd2 Bc5 33. c4 Bd4 34. b4 b5 35. c5 Kd5 36. h5 Bf6 37. Ke2 Bc3 38. Bd2 Bxd2 39. Kxd2 a5 40. bxa5 Kxc5 41. Ke3 b4 42. Kf4 b3 43. a6 Kb6 44. a7 Kxa7 45. Kg5 b2 46. Kh6 b1Q 47. Kxh7 Qg1 48. h6 Qxg3 49. Kh8 Qh3 50. h7 Qxh7+ 0-1